LEADER 01048nas 2200373 c 450 001 9910894718703321 005 20260218112543.0 035 $a(CKB)3790000000116546 035 $a(DE-101)1026240905 035 $a(DE-599)ZDB2683595-2 035 $a(DE-599)2683595-2 035 $a(EXLCZ)993790000000116546 100 $a20120924a20009999 |y | 101 0 $aeng 135 $aur||||||||||| 181 $ctxt$2rdacontent 182 $cc$2rdamedia 183 $acr$2rdacarrier 200 00$aPakistan journal of analytical & environmental chemistry 210 31$aKarachi$cAsianet-Pakistan$aJamshoro$cNCEAC$d2000- 215 $aOnline-Ressource 300 $aGesehen am 24.09.12 311 08$a1680-9955 531 00$aPak. J. Anal. & Envir. Chem. 608 $aZeitschrift$2gnd-content 676 $a333.7 676 $a540 801 0$b9001 801 1$bDE-101 801 2$b9999 906 $aJOURNAL 912 $a9910894718703321 996 $aPakistan journal of analytical & environmental chemistry$92213662 997 $aUNINA